000 00967nam a2200241Ia 4500
003 OSt
005 20220923212026.0
006 a|||||r|||| 00| 0
007 ta
008 220922b |||||||| |||| 00| 0 hin d
024 _a149,973
037 _cTextual
040 _aARTS
_cARTS
_bhin
041 _2hin
_ahin
082 _aw1,N9, 152N0
100 _aसक्सेना, बलवीर
_9156369
245 0 _aजवाहरलाल नेहरू अन्तर्राष्ट्रीय सद्भावना पुरस्कार से सम्मानित विभूतियां
246 _aJavāharalāl neharū antarrāṣhṭrīya sadbhāvanā puraskār se sammānit vibhūtiyāan
260 _aदिल्ली
_b प्रवीण प्रकाशन
_c1990
300 _a182पृ.
_ccm.
942 _hw1,N9, 152N0
_cTEXL
_2CC
999 _c305653
_d305653